000 01051nam a22002777a 4500
005 20240530110443.0
008 150422s2011 su adk g b 000 0 ara d
017 _a1432/675
_bالسعودية . مكتبة الملك فهد الوطنية
020 _a9786038005263
040 _aEG-CaGPL
082 0 4 _221
_a152.5\
_bع د
100 0 _aعبداللطيف محمد خليفة
245 1 2 _aالدوافع و الانفعالات /
_cعبداللطيف محمد خليفة ، معتز سيد عبدالله
250 _aط1
260 _aالرياض :
_bدار الزهراء للنشر و التوزيع ،
_c2011 .
300 _a328 ص :
_bايض ؛
_c24 سم .
504 _aببليوجرافية : ص ( 321 - 328 )
650 0 4 _aالدوافع النفسية
650 0 4 _aالانفعالات النفسية
650 0 4 _aالاحتياجات
650 0 4 _aالصراع النفسى
650 0 4 _aالرغبة
700 0 _aمعتز سيد عبدالله
942 _2ddc
_cBK
999 _c61087
_d61087